00756 2200229 4500001002100000005001500021035002000036007000300056008004100059020002200100082001100122084001700133100001900150245019300169250001000362260004900372300003200421650003100453700002300484990000900507990001000516INLIS00000000000033820170920032040 a0010-0917000324ta170920 b 0 ind  a978-979-055-604-1 a297.77 a297.77 ARI e0 aAriany Syuifah1 aEnsiklopedika Pendidikan Agama Islam Toleransi dan Tenggang Rasa Jilid 7 :bMewujudkan Islam dalam Sikap dan Kesalehan Ibad,ah, Kreatif, dan Sosial /cAriany Syuifah dan Safitri Lulsiana D acet.1 aBandung :bSygma Creative Media Group,c2015 a72hlm :bilus ;c20 x 29 cm aAkhlak, Fiqih, Hukum Islam0 aSafitri Lulsiana D a5704 a5704a